Boundless and Bare/ (Record no. 206178)
[ view plain ]
| 000 -LEADER | |
|---|---|
| fixed length control field | 00674cam a22002057i 4500 |
| 005 - DATE AND TIME OF LATEST TRANSACTION | |
| control field | 20241008163254.0 |
| 010 ## - LCCN (DPL NO) | |
| LC control number | ENG-141974 |
| 020 ## - INTERNATIONAL STANDARD BOOK NUMBER | |
| International Standard Book Number | 9789388860277 |
| Terms of availability | 155.00 |
| 035 ## - SYSTEM CONTROL NUMBER | |
| System control number | EN-125506 |
| 037 ## - SOURCE OF ACQUISITION | |
| Source of stock number/acquisition | DBAD |
| 082 ## - DEWEY DECIMAL CLASSIFICATION NUMBER | |
| Classification number | S |
| 100 ## - MAIN ENTRY--PERSONAL NAME | |
| Personal name | Madhavan, A, |
| 245 14 - TITLE STATEMENT | |
| Title | Boundless and Bare/ |
| Statement of responsibility, etc | By A, Madhavan [and] Translated By Sandhya Raman |
| 250 ## - EDITION STATEMENT | |
| Edition statement | 1 |
| 260 ## - PUBLICATION, DISTRIBUTION, ETC. (IMPRINT) | |
| Place of publication, distribution, etc | Chennai |
| Name of publisher, distributor, etc | Zero Degree Publishing |
| Date of publication, distribution, etc | 2019 |
| 270 ## - ADDRESS | |
| Address | 12/7, Bay line Apartments 2nd cross street, R.K.Nagar |
| City | Thiruvanmiyur, Chennai |
| Postal code | 600041 |
| Telephone number | 9840065000 |
| Electronic mail address | zerodegreepublishing@gmail.com |
| 300 ## - PHYSICAL DESCRIPTION | |
| Extent | 114p. |
| Dimensions | 22cm(pb) |
| 700 ## - ADDED ENTRY--PERSONAL NAME | |
| Personal name | Raman, Sandhya |
| Relator term | Translated |
| 9 (RLIN) | 72483 |
| 942 ## - ADDED ENTRY ELEMENTS (KOHA) | |
| Source of classification or shelving scheme | Dewey Decimal Classification |
| Item type | English Books |
| Classification part | S |
| Call number suffix | MAD |
| Withdrawn status | Lost status | Not for loan | Collection code | Home library | Current library | Date acquired | Source of acquisition | Cost, normal purchase price | Full call number | Barcode | Copy number | Cost, replacement price | Koha item type |
|---|---|---|---|---|---|---|---|---|---|---|---|---|---|
| Not For Loan | Fiction | D.B.Act.Division | D.B.Act.Division | 08/10/2024 | Delivery of Books Act Division | 155.00 | S MAD | EN-125506 | 1 | 155.00 | English Books |
